Thermodynamics (Record no. 8344)

000 -LEADER
fixed length control field 00603nam a2200217 i 4500
001 - CONTROL NUMBER
control field 8344
003 - CONTROL NUMBER IDENTIFIER
control field BD-DhUET
008 - FIXED-LENGTH DATA ELEMENTS--GENERAL INFORMATION
fixed length control field 770308s1978 nyua b 001 0 eng
020 ## - INTERNATIONAL STANDARD BOOK NUMBER
International Standard Book Number 0023355301
040 ## - CATALOGING SOURCE
Original cataloging agency DLC
Transcribing agency DLC
Modifying agency BD-DhUET
082 ## - DEWEY DECIMAL CLASSIFICATION NUMBER
Classification number 621.01
Item number FAI/1970
100 ## - MAIN ENTRY--PERSONAL NAME
Personal name Faires, Virgil Moring
245 10 - TITLE STATEMENT
Title Thermodynamics
Statement of responsibility, etc. by Virgil Moring Faires and Clifford Max Simmang
250 ## - EDITION STATEMENT
Edition statement 6th ed.
260 ## - PUBLICATION, DISTRIBUTION, ETC. (IMPRINT)
Place of publication, distribution, etc. New York
Name of publisher, distributor, etc. Macmillan
Date of publication, distribution, etc. 1970
300 ## - PHYSICAL DESCRIPTION
Extent xxiii, 647 p.
Other physical details ill.
Dimensions 26 cm.
504 ## - BIBLIOGRAPHY, ETC. NOTE
Bibliography, etc Includes bibliographies
650 #0 - SUBJECT ADDED ENTRY--TOPICAL TERM
Topical term or geographic name as entry element Thermodynamics
700 ## - ADDED ENTRY--PERSONAL NAME
Personal name Simmang, Clifford Max
942 ## - ADDED ENTRY ELEMENTS (KOHA)
Koha item type General Book
Holdings
Withdrawn status Sublocation or collection (holding branch) Shelving location Not for loan Koha normalized classification for sorting Koha full call number Location (home branch) Date acquired Koha date last seen Price effective from Lost status Damaged status Source of classification or shelving scheme Copy number Koha item type Piece designation (barcode)
 Central Library, BUETCirculation section 621_010000000000000_FAI_1978621.01/FAI/1978Central Library, BUET2015-01-202015-01-202015-01-20   1General Book42943
 Central Library, BUETRental section 621_010000000000000_FAI_1970621.01 FAI/1970Central Library, BUET1985-06-112024-12-112024-12-11   ৬/ক-১Rental Item63135
 Central Library, BUETRental section 621_010000000000000_FAI_1970621.01 FAI/1970Central Library, BUET1985-06-112024-12-112024-12-11   ৬/ক-২Rental Item63136
 Central Library, BUETRental section 621_010000000000000_FAI_1970621.01 FAI/1970Central Library, BUET1985-06-112024-12-112024-12-11   ৬/ক-৩Rental Item63137
 Central Library, BUETRental section 621_010000000000000_FAI_1970621.01 FAI/1970Central Library, BUET1985-06-112024-12-112024-12-11   ৬/ক-৪Rental Item63138
 Central Library, BUETRental section 621_010000000000000_FAI_1970621.01 FAI/1970Central Library, BUET1985-06-112024-12-112024-12-11   ৬/ক-৫Rental Item63139
 Central Library, BUETRental section 621_010000000000000_FAI_1970621.01 FAI/1970Central Library, BUET1985-06-112024-12-112024-12-11   ৬/ক-৬Rental Item63140
 Central Library, BUETRental section 621_010000000000000_FAI_1970621.01 FAI/1970Central Library, BUET1985-06-112024-12-112024-12-11   ৬/ক-৭Rental Item63141
 Central Library, BUETRental section 621_010000000000000_FAI_1970621.01 FAI/1970Central Library, BUET1985-06-112024-12-112024-12-11   ৬/ক-৮Rental Item63142
 Central Library, BUETRental section 621_010000000000000_FAI_1970621.01 FAI/1970Central Library, BUET1985-06-112024-12-112024-12-11   ৬/ক-৯Rental Item63143
 Central Library, BUETRental section 621_010000000000000_FAI_1970621.01 FAI/1970Central Library, BUET1985-06-112024-12-112024-12-11   ৬/ক-১০Rental Item63144
 Central Library, BUETRental section 621_010000000000000_FAI_1970621.01 FAI/1970Central Library, BUET1985-06-112024-12-112024-12-11   ৬/ক-১১Rental Item63145
 Central Library, BUETRental section 621_010000000000000_FAI_1970621.01 FAI/1970Central Library, BUET1985-06-112024-12-112024-12-11   ৬/ক-১২Rental Item63146
 Central Library, BUETRental section 621_010000000000000_FAI_1970621.01 FAI/1970Central Library, BUET1985-06-112024-12-112024-12-11   ৬/ক-১৩Rental Item63147
 Central Library, BUETRental section 621_010000000000000_FAI_1970621.01 FAI/1970Central Library, BUET1985-06-112024-12-112024-12-11   ৬/ক-১৪Rental Item63148
 Central Library, BUETRental section 621_010000000000000_FAI_1970621.01 FAI/1970Central Library, BUET1985-06-112024-12-112024-12-11   ৬/ক-১৫Rental Item63149
 Central Library, BUETRental section 621_010000000000000_FAI_1970621.01 FAI/1970Central Library, BUET1985-06-112024-12-112024-12-11   ৬/ক-১৬Rental Item63150
 Central Library, BUETRental section 621_010000000000000_FAI_1970621.01 FAI/1970Central Library, BUET1985-06-112024-12-112024-12-11   ৬/ক-১৭Rental Item63151
 Central Library, BUETRental section 621_010000000000000_FAI_1970621.01 FAI/1970Central Library, BUET1985-06-112024-12-112024-12-11   ৬/ক-১৮Rental Item63152
 Central Library, BUETRental section 621_010000000000000_FAI_1970621.01 FAI/1970Central Library, BUET1985-06-112024-12-112024-12-11   ৬/ক-১৯Rental Item63153
 Central Library, BUETRental section 621_010000000000000_FAI_1970621.01 FAI/1970Central Library, BUET1985-06-112024-12-112024-12-11   ৬/ক-২০Rental Item63154